Capital Investment Analysis / Using Discounted Cash Flows (Record no. 4050)
[ view plain ]
| 000 -LEADER | |
|---|---|
| fixed length control field | 01204cam a22002054a 4500 |
| 005 - ΗΜΕΡΟΜΗΝΙΑ ΚΑΙ ΩΡΑ ΤΕΛΕΥΤΑΙΑΣ ΕΝΗΜΕΡΩΣΗΣ | |
| Πεδίο ελέγχου | 20250605164135.0 |
| 008 - FIXED-LENGTH DATA ELEMENTS--GENERAL INFORMATION | |
| Πεδίο ελέγχου σταθερού μήκους | 250528s ||||||||||||||||||||||||d |
| 035 ## - SYSTEM CONTROL NUMBER | |
| System control number | 18728 |
| 020 ## - ISBN | |
| ISBN | 882440292 |
| 040 ## - ΠΗΓΗ ΚΑΤΑΛΟΓΟΓΡΑΦΗΣΗΣ | |
| Φορέας πρωτότυπης καταλογογράφησης | MC Athens Campus Library |
| Γλώσσα καταλογογράφησης | Ελληνικά, Μοντέρνα (1453-) |
| Modifying agency | MC Athens Campus Library |
| Κανόνες περιγραφικής καταλογογράφησης | AACR2 |
| 245 1# - ΤΙΤΛΟΣ ΚΑΙ ΔΗΛΩΣΗ ΥΠΕΥΘΥΝΟΤΗΤΑΣ | |
| Τίτλος | Capital Investment Analysis / Using Discounted Cash Flows |
| 260 ## - PUBLICATION, DISTRIBUTION, ETC. | |
| Date of publication, distribution, etc. | 1973 |
| 300 ## - PHYSICAL DESCRIPTION | |
| Extent | 143 |
| 520 ## - SUMMARY, ETC. | |
| Summary, etc. | A comprehensive yet non-technical guide to the application of present value techniques in evaluating the profitability of proposed capital investments. Preface, Introduction, Major Steps in Evaluating Capital Expenditure Proposals, Commonly Used Measures of Investment Worth, Time Value of Money, Present Value of a Future Sum of Money, Financial Information Relevant to Evaluating Capital Investment-Cash-Flows, Discounted Cash Flow Measures of Investment Worth, Adjusting Cash Flows for Income Taxes, The Cost of Capital, Some Special Problems in Measuring Cash Flows in Analyzing Investments, Handling Uncertainty, Capital Rationing, Illustrative Problems, Summary and Conclusions, Appendices. |
| 700 1# - ΠΡΟΣΘΕΤΗ ΑΝΑΓΡΑΦΗ--ΦΥΣΙΚΟ ΠΡΟΣΩΠΟ | |
| Personal name | Aplin RIchard D. |
| 9 (RLIN) | 4981 |
| 700 1# - ΠΡΟΣΘΕΤΗ ΑΝΑΓΡΑΦΗ--ΦΥΣΙΚΟ ΠΡΟΣΩΠΟ | |
| Personal name | Casler George L |
| 9 (RLIN) | 4982 |
| 942 ## - ADDED ENTRY ELEMENTS (KOHA) | |
| Koha item type | Books |
| Τύπος τεκμηρίου | Βιβλιοθήκη | Τρέχουσα τοποθεσία | Barcode | Αριθμός εισαγωγής | Ημερομηνία απόκτησης | Ταξιθετικό σύμβολο | Αριθμός αντιτύπου | Κατάσταση απόσυρσης | Κατάσταση χαμένου | Κατάσταση κατεστραμμένου | Μη δανεισμός | Σύνολο δανεισμών | Ημερομηνία τελευταίας εμφάνισης | Η τιμή ισχύει από |
|---|---|---|---|---|---|---|---|---|---|---|---|---|---|---|
| Books | MC Athens Campus Library | MC Athens Campus Library | 9780000040497 | 3637 | 05/06/2025 | 658.1/52 APL | 1 | 05/06/2025 | 05/06/2025 |